Professional C++ (Record no. 34782)

MARC details
000 -LEADER
fixed length control field 00397nam a22001817a 4500
003 - CONTROL NUMBER IDENTIFIER
control field OSt
005 - DATE AND TIME OF LATEST TRANSACTION
control field 20220414151015.0
008 - FIXED-LENGTH DATA ELEMENTS--GENERAL INFORMATION
fixed length control field 220414b |||||||| |||| 00| 0 eng d
020 ## - INTERNATIONAL STANDARD BOOK NUMBER
International Standard Book Number 97881265378777
040 ## - CATALOGING SOURCE
Transcribing agency HU
082 ## - DEWEY DECIMAL CLASSIFICATION NUMBER
Classification number 005.133
100 ## - MAIN ENTRY--PERSONAL NAME
Personal name Gregoire Marc
9 (RLIN) 35899
245 ## - TITLE STATEMENT
Title Professional C++
250 ## - EDITION STATEMENT
Edition statement 2ED
260 ## - PUBLICATION, DISTRIBUTION, ETC.
Place of publication, distribution, etc. India
Name of publisher, distributor, etc. India
300 ## - PHYSICAL DESCRIPTION
Type of unit 1072
942 ## - ADDED ENTRY ELEMENTS (KOHA)
Source of classification or shelving scheme Dewey Decimal Classification
Koha item type Books like text book referance book
Suppress in OPAC No
Holdings
Withdrawn status Lost status Source of classification or shelving scheme Damaged status Not for loan Home library Current library Shelving location Date acquired Total Checkouts Full call number Barcode Date last seen Copy number Price effective from Koha item type
    Dewey Decimal Classification     IoT Library IoT Library General Stacks 04/14/2022   005.133/GRE/2011 IOTL0020862 04/14/2022 1 04/14/2022 Books like text book referance book
    Dewey Decimal Classification     IoT Library IoT Library General Stacks 10/19/2023   005.133/GRE/2011 IOTL0023199 10/19/2023 2 10/19/2023 Books like text book referance book
    Dewey Decimal Classification     IoT Library IoT Library General Stacks 10/19/2023   005.133/GRE/2011 IOTL0023200 10/19/2023 3 10/19/2023 Books like text book referance book
    Dewey Decimal Classification     IoT Library IoT Library General Stacks 10/19/2023   005.133/GRE/2011 IOTL0023201 10/19/2023 4 10/19/2023 Books like text book referance book
    Dewey Decimal Classification     IoT Library IoT Library General Stacks 10/19/2023   005.133/GRE/2011 IOTL0023202 10/19/2023 5 10/19/2023 Books like text book referance book
    Dewey Decimal Classification     IoT Library IoT Library General Stacks 10/19/2023   005.133/GRE/2011 IOTL0023203 10/19/2023 6 10/19/2023 Books like text book referance book
    Dewey Decimal Classification     IoT Library IoT Library General Stacks 10/19/2023   005.133/GRE/2011 IOTL0023204 10/19/2023 7 10/19/2023 Books like text book referance book
    Dewey Decimal Classification     IoT Library IoT Library General Stacks 10/19/2023   005.133/GRE/2011 IOTL0023205 10/19/2023 8 10/19/2023 Books like text book referance book
    Dewey Decimal Classification     IoT Library IoT Library General Stacks 10/19/2023   005.133/GRE/2011 IOTL0023206 10/19/2023 9 10/19/2023 Books like text book referance book